Hadadrimmon, sive, Threnodia anglicana ob regicidium : a sermon on Davids humiliation for cutting off the royal robe, and detestation of cutting off the royal head of the Lords anointed : preached Jan. 30, 1660, being a solemn fast for the horrid murther of King Charles I of glorious memory, at Westbury, in the county of Wilts. /

Bibliographic Details
Main Author: Paradise, John
Format: Microform Book
Language:English
Series:Early English books, 1641-1700 ; 394:22.
Subjects:

MARC

Tag First Indicator Second Indicator Subfields
LEADER 00000cam a2200000 a 4500
001 in00000951621
005 20150926131531.0
007 hd afv|||baca
008 860114s1661 miu a 00010 eng d
035 |a (OCoLC)13021047 
035 |9 AET7502AM 
037 |a CL0037000011  |b UMI 
037 |b University Microfilms International, 300 N. Zeeb Rd., Ann Arbor, MI 48106 
040 |a EAA  |c EAA  |d m/c  |d UtOrBLW 
043 |a e-uk-en 
049 |a TXAI 
099 |a film   |a  B   |a  3609 
100 1 |a Paradise, John. 
245 1 0 |a Hadadrimmon, sive, Threnodia anglicana ob regicidium :  |b a sermon on Davids humiliation for cutting off the royal robe, and detestation of cutting off the royal head of the Lords anointed : preached Jan. 30, 1660, being a solemn fast for the horrid murther of King Charles I of glorious memory, at Westbury, in the county of Wilts. /  |c by John Paradise ... 
264 3 |a London :  |b Printed by J.H. for Nathanael Webb ...,  |c 1661. 
300 |a 6 unnumbered pages, 52 pages 
336 |a text  |b txt  |2 rdacontent 
337 |a microform  |b h  |2 rdamedia 
338 |a microfilm reel  |b hd  |2 rdacarrier 
500 |a Errata: page [6]. 
500 |a Reproduction of original in Union Theological Seminary Library, New York. 
510 4 |a Wing  |c P327 
510 4 |a McAlpin Coll.  |c III 436 
500 |a Marginal notes. 
533 |a Microfilm.  |b Ann Arbor, Mich. :  |c University Microfilms,  |d 1971.  |e 1 microfilm reel ; 35 mm.  |f (Early English books, 1641-1700 ; 394:22) 
500 |a Microform. 
600 0 0 |a Charles  |b I,  |c King of England,  |d 1600-1649. 
650 0 |a Memorial service. 
650 0 |a Sermons, English  |y 17th century. 
740 0 |a Hadadrimmon. 
740 0 |a Threnodia Anglicana ob regicidium. 
830 0 |a Early English books, 1641-1700 ;  |v 394:22. 
999 |a MARS 
999 f f |s e96bb859-cca9-34a8-81fc-e9c1742266a3  |i f7bdedbc-22cc-399a-bc7e-7eb9f4773409  |t 0 
952 f f |p default  |a Texas A&M University  |b College Station  |c Sterling C. Evans Library  |d Evans: Microforms (3rd floor)  |t 0  |e film B 3609 394:22  |h Other scheme  |i microform -- microfilm reel 
998 f f |a film B 3609 394:22  |t 0  |l Evans: Microforms (3rd floor)